000 00269nam a22001217a 4500
008 180911b xxu||||| |||| 00| 0 eng d
041 _aeng
080 _a321
100 _a19
101 _aSHP
245 _aCongress and the Environment
_cCooley, R.A
942 _2udc
_cBK
999 _c47661
_d47661